Bloß nicht bellen
| Titel: | Bloß nicht bellen : Neun Geschichten / Olena Sachartschenko ; aus dem Ukrainischen übersetzt von Jutta Lindekugel |
|---|---|
| Verfasser: | |
| Beteiligt: | |
| Ausgabe: | Deutsche Erstausgabe |
| Veröffentlicht: | Weimar : Mauke, 2025 |
| Umfang: | 112 Seiten ; 205 cm x 125 cm, 280 g |
| Format: | Buch |
| Sprache: | Deutsch |
| Einheitssachtitel: | Tilʹky ne havkaj |
| RVK-Notation: | |
| ISBN: | 9783948259280 ; 3948259283 |
| Hinweise zum Inhalt: |
Inhaltsverzeichnis
|
alg: 53301207 001A $00026:03-09-25 001B $03004:10-03-26 $t09:20:10.000 001D $00026:10-09-25 001U $0utf8 001X $00 002@ $0Aau 002C $aText $btxt $2rdacontent 002D $aohne Hilfsmittel zu benutzen $bn $2rdamedia 002E $aBand $bnc $2rdacarrier 003@ $0533012074 004A $A978-3-948259-28-0 $f: EUR 18.00 (DE), EUR 18.50 (AT), CHF 21.00 (freier Preis) 004A $03-948259-28-3 004K $09783948259280 006C $01510738447 $aOCoLC 006G $01344155413 006T $024,N42 006U $025,A47 $f20241007 007A $01344155413 $aDNB 009P $qapplication/pdf $A2 $3Inhaltsverzeichnis $uhttps://d-nb.info/1344155413/04 $mB:DE-101 010@ $ager $cukr 010E $erda 011@ $a2025 $n2025 011F $n© 2023 013D $RLiteratur $#Autobiography $#Autobiographie $#Memorie $#Autobiografía $#Autobiographische Literatur $#Autofiktion $#Ego-Dokument $#Life writing $#Life-writing $74143683-0 $8Autobiografische Literatur [Ts1] $9085564737 021A $aBloß nicht bellen $dNeun Geschichten $hOlena Sachartschenko ; aus dem Ukrainischen übersetzt von Jutta Lindekugel 022A $aTilʹky ne havkaj $T01 $ULatn 022A $aТiльки не гавкай $T01 $UCyrl 027A $aTilʹky ne havkay 028A $BVerfasser $#Zacharčenko, Olena $4aut $71345687141 $8Sachartschenko, Olena$Z1977- [Tp1] $9522370519 028C $BÜbersetzer $4trl $712479940X $8Lindekugel, Jutta$Z1972- [Tp1] $9155413120 032@ $aDeutsche Erstausgabe 033A $pWeimar $nMauke 034D $a112 Seiten 034I $a205 cm x 125 cm, 280 g 045E $c891.8 $cB 045Z $8KL 9999 [Tkv] $940923382X lok: 53301207 24 exp: 53301207 24 1 #EPN 201B/01 $010-03-26 $t09:37:44.000 201C/01 $027-01-26 201U/01 $0utf8 203@/01 $01332854001 208@/01 $a10-03-26 $bz 209A/01 $a26.00850 $du $f050 $h26 00850 $x00 209C/01 $a26.00850 K $h26 00850 K 209G/01 $a75118805 $x00 220C/01 $ados 247C/01 $8358050-7Marburg, Bibliothek des Herder-Instituts Marburg $9102600961 lok: 53301207 204 exp: 53301207 204 1 #EPN 201B/01 $014-10-25 $t08:57:59.000 201C/01 $003-09-25 201U/01 $0utf8 203@/01 $01317247752 208@/01 $a03-09-25 $bzUB 209A/01 $a000 KL 9999 S121 B656.2025 $du $f000 $x00 209G/01 $a64935151 $x00 245S/01 $a21000 $x01 247C/01 $8631000-x <26>Gießen, Universität Gießen, Universitätsbibliothek Gießen $9102596697
| LEADER | 00000cam a2200000 c 4500 | ||
|---|---|---|---|
| 001 | 533012074 | ||
| 003 | DE-603 | ||
| 005 | 20260310092010.0 | ||
| 007 | tu | ||
| 008 | 250903s2025 xx |||| | u00||u|ger | ||
| 015 | |a 25,A47 |z 24,N42 |2 dnb | ||
| 016 | 7 | |2 DE-101 |a 1344155413 | |
| 020 | |a 9783948259280 |c : EUR 18.00 (DE), EUR 18.50 (AT), CHF 21.00 (freier Preis) | ||
| 020 | |a 3948259283 | ||
| 024 | 3 | |a 9783948259280 | |
| 035 | |a (DE-599)DNB1344155413 | ||
| 040 | |a DE-603 |b ger |c DE-603 |d DE-603 |e rda | ||
| 041 | |a ger |h ukr | ||
| 084 | |a 891.8 |a B |q DE-101 |2 sdnb | ||
| 084 | |a KL 9999 |0 (DE-625)78788: |0 (DE-603)40923382X |2 rvk | ||
| 100 | 1 | |a Sachartschenko, Olena |d 1977- |e Verfasser |4 aut |0 (DE-603)522370519 |0 (DE-588)1345687141 |2 gnd | |
| 240 | 1 | 0 | |6 880-01/Latn |a Tilʹky ne havkaj |
| 245 | 0 | 0 | |a Bloß nicht bellen |b Neun Geschichten |c Olena Sachartschenko ; aus dem Ukrainischen übersetzt von Jutta Lindekugel |
| 246 | 1 | 3 | |a Tilʹky ne havkay |
| 250 | |a Deutsche Erstausgabe | ||
| 264 | 1 | |a Weimar |b Mauke |c 2025 | |
| 264 | 4 | |c © 2023 | |
| 300 | |a 112 Seiten |c 205 cm x 125 cm, 280 g | ||
| 336 | |a Text |b txt |2 rdacontent | ||
| 337 | |a ohne Hilfsmittel zu benutzen |b n |2 rdamedia | ||
| 338 | |a Band |b nc |2 rdacarrier | ||
| 655 | 7 | |a Autobiografische Literatur |2 gnd-content |0 (DE-588)4143683-0 |0 (DE-603)085564737 | |
| 700 | 1 | |a Lindekugel, Jutta |d 1972- |e Übersetzer |4 trl |0 (DE-603)155413120 |0 (DE-588)12479940X |2 gnd | |
| 856 | 4 | 2 | |m B:DE-101 |q application/pdf |u https://d-nb.info/1344155413/04 |3 Inhaltsverzeichnis |
| 880 | 1 | 0 | |6 240-01/Cyrl |a Тiльки не гавкай |
| 924 | 0 | |9 Mb 50 |a (DE-603)1332854001 |b DE-Mb50 |c HES |d c |g 26.00850 | |
| 924 | 0 | |9 26 |a (DE-603)1317247752 |b DE-26 |c HES |d c |g 000 KL 9999 S121 B656.2025 | |


